Trouvez les paroles ! #1 - Statistiques

Statistiques générales
  • Ce quiz a été pris 1 587 fois
    1 399 depuis la dernière actualisation
  • Le résultat moyen est 177 sur 288
Statistiques - réponses
Paroles % Correct
96%
La
96%
A
95%
À
95%
Le
95%
Je
94%
De
93%
Les
92%
Ne
91%
Que
90%
Bohème
89%
Pas
89%
Ce
88%
Du
88%
Moi
88%
Vous
88%
Ans
86%
Temps
86%
Vingt
86%
Moins
85%
Connaitre
84%
D'un
84%
Et
84%
Parle
84%
Peuvent
84%
Ça
83%
En
82%
Es
82%
Mon
82%
Dire
79%
On
79%
Ma
78%
Nous
78%
Est
77%
Voulait
77%
Qui
76%
Ses
76%
Toi
73%
Heureux
72%
Lilas
72%
Montmartre
69%
Nos
69%
Fenêtres
68%
Jour
68%
Qu'on
67%
Sous
67%
Sur
67%
C'est
66%
Nue
66%
Tu
66%
Deux
64%
Des
62%
Famine
62%
Temps-là
62%
Un
62%
Jusque
61%
Connu
60%
Qu'un
60%
S'est
60%
Criait
59%
Mangions
57%
Mine
57%
Ni
57%
Posais
56%
Si
56%
Payait
55%
Accrochait
54%
Servait
51%
Garni
50%
Dans
49%
Jolie
48%
Plus
48%
Au
47%
Une
47%
Nid
46%
Café
45%
Il
45%
L'humble
45%
Rien
44%
Quelque
43%
Tout.
43%
Étions
42%
Bien
41%
Bon
41%
Quand
41%
Avec
40%
Repas
39%
Chaud
38%
Veut
38%
Gloire
37%
Tous
37%
Attendions
36%
Contre
36%
Toile
36%
Ventre
36%
Voisins
36%
Cafés
35%
Creux
35%
Miséreux
35%
Vers
35%
Croire
34%
Son
34%
D'y
33%
L'hiver
33%
Récitions
33%
Vie
33%
Avions
32%
Cessions
32%
Quelques-uns
32%
Jeunes
31%
Autour
30%
Ëtait
30%
Était
30%
Génie
29%
Poêle
29%
Prenait
29%
Aime
28%
Bistrot
28%
Mais
28%
Rues
28%
Sein
28%
Tour
28%
D'une
27%
Matin
27%
Ont
27%
Oubliant
27%
Crème
26%
Devant
26%
Galbe
26%
Nuits
26%
Sont
26%
Vivions
26%
Groupés
25%
L'air
25%
Reconnais
25%
Chevalet
24%
Dessin
24%
Hanche
24%
Morts
24%
Blanches
23%
N'est
23%
Passer
23%
Vu
23%
Faire
22%
Jeunesse
22%
Ligne
22%
Adresse
21%
Ancienne
21%
Jours
21%
M'arrivait
21%
Qu'au
21%
Vais
21%
Enfin
20%
L'on
20%
M'en
20%
Murs
20%
Retouchant
20%
Souvent
20%
Fous
19%
Dont
18%
S'aime
18%
Triste
18%
Hasard
17%
Haut
17%
Semble
17%
Subsiste
17%
Fallait-il
16%
S'asseyait
16%
L'atelier
15%
L'escalier
15%
Décor
14%
Épuisés
14%
Nouveau
13%
Ravis
13%
Cherche
11%
Aucun quiz correspondant
Distribution des résultats
% des personnes avec chaque résultat
Percentile par nombre de réponses
Votre historique - résultats
Vous n’avez pas pris ce quiz depuis la dernière actualisation